000 00497nam a22001937a 4500
003 OSt
005 20160927134445.0
008 160927b xxu||||| |||| 00| 0 eng d
020 _a0412748908
040 _cDDC.
082 _a540CHE 1997.
100 _aYates,Paul;
_911114
245 _aChemical Calculations.
260 _aLondon.;
_bBlackie academic&Professional.
_c1997.
300 _axi,260p;
_bill;
_c23cm.
504 _aincludes index.
650 _aChemistry.
_9797
942 _2ddc
_cO_SHELF
999 _c5287
_d5287